• 首页
  • 本馆介绍
  • 公告通知
  • 最新文献
  • 馆藏检索
  • 电子资源
  • 读者导购
  • 参考咨询
  • 我的图书馆
  • 登录
  • 详细信息显示
  • 放入我的书架
  • 预约/预借图书
  • 作者相关作品
  • 分类相关作品
  • 丛书相关作品
  • 出版社相关作品

书目信息

  • 表格格式
  • 工作单格式
  • 卡片格式
题名:
出版编辑案头必备
    
 
作者: 张芬之 , 周杨 编著
分册:  
出版信息: 北京   中国言实出版社  2023.11
页数: 397页
开本: 20cm
丛书名:
单 册:
中图分类: G23
科图分类:
主题词: 出版工作
电子资源:
ISBN: 2-14-174631-0
000 00630nam0 2200205 450
001 2437064166
005 20241128102130.44
010    @a2-14-174631-0@dCNY68.00
100    @a20241128d2023 km y0chiy0120 ea
101 0  @achi
102    @aCN@b110000
200 1  @a出版编辑案头必备@AChu Ban Bian Ji An Tou Bi Bei@f张芬之,周杨编著@FZhang Fen Zhi,Zhou Yang Bian Zhu
210    @a北京@c中国言实出版社@d2023.11
215    @a397页@d20cm
606 0  @a出版工作
690    @aG23@v4
701  0 @a张芬之@AZhang Fen Zhi@4编著
701  0 @a周杨@AZhou Yang@4编著
801  0 @aCN@b大连网信软件有限公司图书馆·11@c20241128
905    @aZUCC@dG23@e149
    
    出版编辑案头必备/张芬之,周杨编著.-北京:中国言实出版社,2023.11
    397页;20cm
    
    
    ISBN 2-14-174631-0:CNY68.00
    
●
相关链接 在E读中查询图书 在五车中查询图书 在当当中查询图书 在豆瓣中查询图书


正题名:出版编辑案头必备     索取号:G23/149         预约/预借

序号 登录号 条形码 馆藏地/架位号 状态 备注
1 1417463   214174631   第一样本阅览室/ [索取号:G23/149] 已借出,限还日期为2034.11.27
借出人:甄文全  
 
唐山师范学院图书馆 欢迎您!
大连网信软件有限公司© 版权所有